Ocenki effektivnosti techničeskogo perevooruženija predprijatij v novom chozjajstvennom mechanizme

Salvato in:
Dettagli Bibliografici
Autore principale: Paschaver, Aleksandr Iosifovič
Natura: Libro
Lingua:russo
Pubblicazione: Kijev Naukova dumka 1990
Edizione:1. izd.
Tags: Aggiungi Tag
Nessun Tag, puoi essere il primo ad aggiungerne!!

MARC

LEADER 00000nam a2200000 4500
001 c037827
005 20221215135651.9
041 0 |a rus 
044 |a UA 
245 1 0 |a Ocenki effektivnosti techničeskogo perevooruženija predprijatij v novom chozjajstvennom mechanizme  |c Aleksandr Iosifovič Paschaver 
250 |a 1. izd. 
264 1 |a Kijev  |b Naukova dumka  |c 1990 
300 |a 150 s. 
100 1 |a Paschaver, Aleksandr Iosifovič